Export Ready — 

Equipo Eléctrico : Técnica del Automóvil

Bibliographic Details
Main Authors: Pirón, N, Blanckaert, L
Format: Section = Libro
Language:Undetermined
Spanish
Published: España Marcombo-Boixareu 1983
Edition:5a.ed
Subjects:
LEADER 00551nam a2200217Ia 4500
008 240830s9999 xx 000 0 und d
020 |a 84-267-0008-X 
040 |a B-ESTELÍ- RUACS / 621.31042 P672 
041 |a spa 
082 |a 621.31042 P672 
100 1 |a Pirón, N  
100 1 |b  Blanckaert, L 
245 1 0 |a Equipo Eléctrico : Técnica del Automóvil 
250 |a 5a.ed 
260 |a España  |b Marcombo-Boixareu  |c 1983 
300 |a 284 p:il 
650 7 |a AGRICULTURA 
650 7 |b  EL CAFE 
942 |c BK  |2 ddc 
991 |a TEXTO 
999 |c 11204